Statistics for Capitals of UEFA Euro 2016 Teams

Click here to take the quiz!

General Stats

  • This quiz has been taken 479 times
  • The average score is 20 of 24

Answer Stats

GroupCountryCapital% Correct
AFranceParis
98%
BEnglandLondon
97%
CGermanyBerlin
95%
DSpainMadrid
94%
FPortugalLisbon
92%
BRussiaMoscow
91%
EItalyRome
90%
ERepublic of IrelandDublin
87%
EBelgiumBrussels
86%
ASwitzerlandBern
85%
BWalesCardiff
84%
FAustriaVienna
84%
ESwedenStockholm
84%
CPolandWarsaw
83%
CUkraineKiev
82%
FHungaryBudapest
80%
CNorthern IrelandBelfast
80%
DCzech RepublicPrague
79%
DCroatiaZagreb
78%
FIcelandReykjavik
76%
ARomaniaBucharest
74%
DTurkeyAnkara
72%
AAlbaniaTirana
66%
BSlovakiaBratislava
66%

Score Distribution

Percentile by Number Answered

Percent of People with Each Score

Your Score History

You have not taken this quiz